Investors yet to splash out on growing factory outlet market (Record no. 65271)

MARC details
000 -LEADER
fixed length control field 01317cam a2200253 4500
001 - CONTROL NUMBER
control field X109348
008 - FIXED-LENGTH DATA ELEMENTS--GENERAL INFORMATION
fixed length control field 000000n2000 000 0 eng u
035 ## - SYSTEM CONTROL NUMBER
System control number (Sirsi) u109348
245 ## - TITLE STATEMENT
Title Investors yet to splash out on growing factory outlet market
260 ## - PUBLICATION, DISTRIBUTION, ETC.
Date of publication, distribution, etc. 2000
490 ## - SERIES STATEMENT
Series statement EuroProperty
Volume/sequential designation November 2000 21-22(2)
520 ## - SUMMARY, ETC.
Summary, etc. Discusses the factory outlet market and its potential for investors. Most factory outlets display a strong customer pulling power with catchment areas of up to 200km. The sector is also still developing, with many operators harbouring continental expansion plans. These factors coupled with high turnover and rental growth has attracted some investors to factory outlets. However, drawbacks for investors include the lack of active management in many factory outlets and the unestablished nature of the sector. Concludes that a slump in the retail market would rebound more severely on factory outlet centres compared with other retailers. Table.
650 ## - SUBJECT ADDED ENTRY--TOPICAL TERM
Topical term or geographic name entry element OUT-OF-TOWN
650 ## - SUBJECT ADDED ENTRY--TOPICAL TERM
Topical term or geographic name entry element RETAILING
650 ## - SUBJECT ADDED ENTRY--TOPICAL TERM
Topical term or geographic name entry element INVESTORS
650 ## - SUBJECT ADDED ENTRY--TOPICAL TERM
Topical term or geographic name entry element FACTORY OUTLETS
650 ## - SUBJECT ADDED ENTRY--TOPICAL TERM
Topical term or geographic name entry element EXPANSION
650 ## - SUBJECT ADDED ENTRY--TOPICAL TERM
Topical term or geographic name entry element RENTAL GROWTH
650 ## - SUBJECT ADDED ENTRY--TOPICAL TERM
Topical term or geographic name entry element EUROPE
650 ## - SUBJECT ADDED ENTRY--TOPICAL TERM
Topical term or geographic name entry element INVESTMENT MARKET
650 ## - SUBJECT ADDED ENTRY--TOPICAL TERM
Topical term or geographic name entry element TURNOVER RENTS
690 ## - LOCAL SUBJECT ADDED ENTRY--TOPICAL TERM (OCLC, RLIN)
Topical term or geographic name as entry element PROPERTY-COMMERCIAL PROPERTY-RETAIL PROPERTY
942 ## - ADDED ENTRY ELEMENTS (KOHA)
Suppress in OPAC 0
Holdings
Withdrawn status Lost status Source of classification or shelving scheme Damaged status Not for loan Home library Current library Shelving location Date acquired Total Checkouts Full call number Barcode Date last seen Copy number Price effective from Koha item type
    Dewey Decimal Classification     London London Journal article 08/12/2000   X109348 109348-1001 06/08/2019 1 06/08/2019 Journal article